[Event "Mitropa Online Cup Women 2021"]
[Site "Hybrid"]
[Date "2021.05.04"]
[Round "2.2"]
[White "Trippold, Denise"]
[Black "Klek, Hanna Marie"]
[Result "0-1"]
[WhiteElo "2145"]
[BlackElo "2302"]
[Annotator "NA"]
[PlyCount "104"]
[EventDate "2021.05.04"]
[EventType "team-tourn"]
[EventCountry "NET"]
[SourceTitle "playchess.com"]
[Source "ChessBase"]
[SourceQuality "1"]
[WhiteTeam "Austria"]
[BlackTeam "Germany"]
[WhiteTeamCountry "AUT"]
[BlackTeamCountry "GER"]
[TimeControl "40/5400+30:1800+30"]

1. c4 {[%emt 0:00:00]} e6 {[%emt 0:00:12]} 2. g3 {[%emt 0:00:20]} d5 {[%emt 0:00:06]} 3. Bg2 {[%emt 0:00:31]} Nf6 {[%emt 0:00:07]} 4. Nf3 {[%emt 0:00:13]} Be7 {[%emt 0:00:06]} 5. O-O {[%emt 0:00:29]} O-O {[%emt 0:00:10]} 6. d4 {[%emt 0:01:55]} dxc4 {[%emt 0:00:07]} 7. Qc2 {[%emt 0:00:17]} b5 {[%emt 0:00:08]} 8. a4 {[%emt 0:01:04]} b4 {[%emt 0:00:15]} 9. Nfd2 {[%emt 0:01:01]} Nd5 {[%emt 0:01:22]} 10. Nxc4 {[%emt 0:00:40]} c5 {[%emt 0:08:29]} 11. dxc5 {[%emt 0:11:37]} Bxc5 {[%emt 0:06:13]} 12. Nbd2 {[%emt 0:03:29]} Ba6 {[%emt 0:02:17]} 13. Nb3 {[%emt 0:07:07]} Be7 {[%emt 0:02:39]} 14. Ne3 {[%emt 0:11:44]} Nd7 {[%emt 0:07:52]} 15. Nxd5 {[%emt 0:14:13]} exd5 {[%emt 0:00:09]} 16. Be3 {[%emt 0:04:34]} Nf6 {[%emt 0:14:56]} 17. Nd4 {[%emt 0:06:53]} Rc8 {[%emt 0:00:54]} 18. Nc6 {[%emt 0:09:46]} Kh8 {[%emt 0:12:37]} 19. Bh3 {[%emt 0:09:48]} Qd6 {[%emt 0:01:58]} 20. Rac1 {[%emt 0:01:19]} Bb7 {[%emt 0:01:05]} 21. Bxc8 {[%emt 0:02:01]} Rxc8 {[%emt 0:00:11]} 22. Bxa7 {[%emt 0:02:42]} Rxc6 {[%emt 0:00:58]} 23. Qf5 {[%emt 0:01:53]} Rc4 {[%emt 0:07:06]} 24. b3 {[%emt 0:02:05]} g6 {[%emt 0:04:46]} 25. Qf3 {[%emt 0:01:33]} Rxc1 {[%emt 0:06:47]} 26. Rxc1 {[%emt 0:00:06]} Kg8 {[%emt 0:06:04]} 27. Bd4 {[%emt 0:02:01]} Ne4 {[%emt 0:01:03]} 28. h4 {[%emt 0:00:34]} f6 {[%emt 0:04:27]} 29. Qe3 {[%emt 0:01:05]} Qd7 {[%emt 0:01:59]} 30. Qf3 {[%emt 0:00:37]} Kg7 {[%emt 0:02:29]} 31. Rc2 {[%emt 0:00:59]} Bd6 {[%emt 0:01:24]} 32. Rc1 {[%emt 0:00:55]} Be5 {[%emt 0:01:27]} 33. Bxe5 {[%emt 0:00:59]} fxe5 {[%emt 0:00:07]} 34. h5 {[%emt 0:00:01]} d4 {[%emt 0:03:27]} 35. Qd3 {[%emt 0:02:18]} Nc3 {[%emt 0:00:27]} 36. h6+ {[%emt 0:00:36]} Kxh6 {[%emt 0:00:25]} 37. Kh2 {[%emt 0:00:29]} Qd5 {[%emt 0:01:37]} 38. f3 {[%emt 0:00:10]} Qxb3 {[%emt 0:00:48]} 39. Rh1 {[%emt 0:00:17]} Kg7 {[%emt 0:00:29]} 40. Kg2 {[%emt 0:00:00]} Qd5 {[%emt 0:00:00]} 41. Qd2 {[%emt 0:07:30]} h5 {[%emt 0:06:48]} 42. Qg5 {[%emt 0:05:26]} e4 {[%emt 0:02:13]} 43. Qe7+ {[%emt 0:02:12]} Qf7 {[%emt 0:00:15]} 44. Qe5+ {[%emt 0:01:11]} Kh7 {[%emt 0:00:11]} 45. Rf1 {[%emt 0:04:51]} Nxe2 {[%emt 0:03:16]} 46. f4 {[%emt 0:02:00]} e3+ {[%emt 0:02:24]} 47. Kh2 {[%emt 0:00:24]} Nc3 {[%emt 0:03:54]} 48. f5 {[%emt 0:00:35]} Qa2+ {[%emt 0:00:08]} 49. Kh3 {[%emt 0:00:13]} Qg2+ {[%emt 0:00:04]} 50. Kh4 {[%emt 0:00:05]} Qh2+ {[%emt 0:00:02]} 51. Kg5 {[%emt 0:00:16]} Ne4+ {[%emt 0:00:03]} 52. Kf4 {[%emt 0:00:09]} Qxg3# {[%emt 0:00:05]} 0-1

[Event "Mitropa Online Cup Women 2021"]
[Site "Hybrid"]
[Date "2021.05.04"]
[Round "2.3"]
[White "Muetsch, Annmarie"]
[Black "Froewis, Annika"]
[Result "1-0"]
[WhiteElo "2266"]
[BlackElo "2143"]
[Annotator "NA"]
[PlyCount "57"]
[EventDate "2021.05.04"]
[EventType "team-tourn"]
[EventCountry "NET"]
[SourceTitle "playchess.com"]
[Source "ChessBase"]
[SourceQuality "1"]
[WhiteTeam "Germany"]
[BlackTeam "Austria"]
[WhiteTeamCountry "GER"]
[BlackTeamCountry "AUT"]
[TimeControl "40/5400+30:1800+30"]

1. e4 {[%emt 0:00:00]} e5 {[%emt 0:00:03]} 2. Nc3 {[%emt 0:00:14]} Nc6 {[%emt 0:00:28]} 3. g3 {[%emt 0:03:09]} a6 {[%emt 0:08:42]} 4. Bg2 {[%emt 0:02:45]} h5 {[%emt 0:07:19]} 5. h3 {[%emt 0:00:49]} Bc5 {[%emt 0:01:37]} 6. Nge2 {[%emt 0:01:10]} d6 {[%emt 0:01:14]} 7. d3 {[%emt 0:01:30]} h4 {[%emt 0:04:57]} 8. g4 {[%emt 0:00:19]} g5 {[%emt 0:01:17]} 9. Nd5 {[%emt 0:02:47]} f6 {[%emt 0:02:21]} 10. c3 {[%emt 0:01:35]} Ba7 {[%emt 0:06:14]} 11. d4 {[%emt 0:03:33]} Nce7 {[%emt 0:05:47]} 12. Qb3 {[%emt 0:06:34]} c6 {[%emt 0:05:47]} 13. Ne3 {[%emt 0:03:28]} Qb6 {[%emt 0:03:03]} 14. Qa3 {[%emt 0:04:37]} Qc7 {[%emt 0:06:02]} 15. Nf5 {[%emt 0:09:40]} Nxf5 {[%emt 0:08:28]} 16. gxf5 {[%emt 0:00:09]} c5 {[%emt 0:03:54]} 17. Be3 {[%emt 0:04:47]} Bd7 {[%emt 0:06:35]} 18. Rd1 {[%emt 0:04:02]} Ne7 {[%emt 0:01:12]} 19. Bf3 {[%emt 0:04:12]} Bb5 {[%emt 0:04:32]} 20. dxe5 {[%emt 0:05:10]} dxe5 {[%emt 0:00:53]} 21. b3 {[%emt 0:07:57]} O-O {[%emt 0:09:19]} 22. Qc1 {[%emt 0:03:49]} Bc6 {[%emt 0:02:47]} 23. Bxg5 {[%emt 0:09:12]} Nxf5 {[%emt 0:01:07]} 24. Rg1 {[%emt 0:00:29]} fxg5 {[%emt 0:01:44]} 25. exf5 {[%emt 0:00:30]} Bxf3 {[%emt 0:02:19]} 26. Qxg5+ {[%emt 0:00:12]} Kh8 {[%emt 0:00:29]} 27. Rd6 {[%emt 0:00:35]} Rf7 {[%emt 0:01:28]} 28. Rh6+ {[%emt 0:00:11]} Rh7 {[%emt 0:00:06]} 29. Qf6+ {[%emt 0:00:06]} 1-0

[Event "Mitropa Online Cup Women 2021"]
[Site "Hybrid"]
[Date "2021.05.04"]
[Round "2.4"]
[White "Hapala, Elisabeth"]
[Black "Lubbe, Melanie"]
[Result "1-0"]
[WhiteElo "2120"]
[BlackElo "2274"]
[Annotator "TA"]
[PlyCount "165"]
[EventDate "2021.05.04"]
[EventType "team-tourn"]
[EventCountry "NET"]
[SourceTitle "playchess.com"]
[Source "ChessBase"]
[SourceQuality "1"]
[WhiteTeam "Austria"]
[BlackTeam "Germany"]
[WhiteTeamCountry "AUT"]
[BlackTeamCountry "GER"]

{[%evp 12,165,34,23,33,21,26,20,26,21,21,20,26,24,18,20,39,13,19,19,19,11,21,32,25,20,39,47,43,39,108,108,113,118,116,114,118,115,141,133,140,132,131,131,127,137,137,133,137,85,87,90,92,70,74,76,81,91,91,78,83,36,124,126,117,116,237,236,306,292,308,333,318,308,277,209,291,275,324,232,233,82,97,93,252,81,89,69,141,172,37,157,139,145,238,224,225,173,186,145,220,187,181,145,155,80,319,314,395,0,0,0,395,395,387,381,384,380,292,291,372,361,295,219,522,518,567,566,557,542,522,356,411,446,433,422,385,410,438,351,397,294,29982,29983,29984,29985,29985,29986,29986,290,29987,29988,29988,29988,29989,29989]} 1. e4 e6 2. d4 d5 3. Nd2 c5 4. exd5 exd5 5. Ngf3 Nc6 6. Bb5 Qe7+ {outshines the older 6...Bd6.} 7. Be2 Qc7 {C09: French Tarrasch: 3...c5 4 exd5 exd5 5 Ngf3 Nc6.} 8. O-O Nf6 9. Re1 cxd4 {The position is equal.} 10. Nb3 Bb4 11. Bd2 Bxd2 12. Qxd2 O-O 13. Bd3 Bg4 14. Nbxd4 Rfe8 15. c3 {[#]} Bh5 $146 ({Predecessor:} 15... Qb6 16. Qc2 Bh5 17. h3 {½-½ (17) Santos Ruiz,M (2585)-Kryakvin,D (2596) Moscow 2019}) 16. h3 Ne4 17. Qc2 Bxf3 18. Nxf3 {[%cal Rd3e4]} Qf4 19. Qb3 Qd6 $1 20. Rad1 {Hoping for Bxe4.} Qc5 ({Black should play} 20... Nc5 $14 21. Rxe8+ Rxe8) 21. Bxe4 $16 dxe4 {[#]} 22. Rd5 $1 $36 {[%cal Rd5c5][%mdl 2048] White is really pushing.} Qb6 {[#]} (22... Qf8 23. Ng5) 23. Rb5 Qd8 {[#]} 24. Ng5 (24. Rxb7 $6 Qf6 $11) 24... Qf6 25. Nxe4 Qg6 26. f3 (26. Rxb7 Na5 $11) 26... Ne5 27. Kh2 b6 28. Rd5 h6 29. Qd1 {And now Nd6 would win.} Qc6 30. Rd6 (30. Kh1 $142 Re6 31. b3) 30... Qc7 {Strongly threatening ...Nc4.} 31. Kh1 Rad8 32. Rxd8 Rxd8 33. Qe2 Ng6 34. Rd1 Nf4 35. Rxd8+ Qxd8 36. Qd2 (36. Qe3 {is more complex.} g5 37. Kh2 Kg7 38. c4 Ne6 39. b3) 36... Qh4 ({Better is} 36... Qxd2 $14 37. Nxd2 Nd3) 37. Kh2 Ne6 38. Qd6 Qe1 (38... Qf4+ $16 {was necessary.} 39. Qxf4 Nxf4) 39. Qb8+ $18 {[%mdl 64] Double Attack} Nf8 40. Qxa7 Qe3 {Now ...Qf4+ and Black clings on.} 41. Qb8 f5 42. Ng3 g6 43. Qd8 h5 44. Qd4 Qe1 45. c4 Kf7 46. h4 $2 (46. c5 $18 bxc5 47. Qxc5) 46... Ne6 $16 47. Qd7+ (47. Qxb6 $6 f4 $11) 47... Kf8 $2 (47... Kf6 $16) 48. Qd6+ $2 (48. Qc8+ $18 {is more deadly.} Kg7 49. Qb7+ Kf6 50. Qxb6) 48... Kf7 49. Qd3 (49. Qxb6 $6 f4 $11) (49. a4 {looks sharper.} f4 50. Qd7+ Kf8 51. Nf1 Qxh4+ 52. Kg1) 49... f4 (49... Qf2 $14) 50. Ne4 ({But not} 50. Qd7+ $6 Kf8 $14) 50... Qxh4+ 51. Kg1 Qe1+ 52. Qf1 Qb4 (52... Qe3+ $16 53. Qf2 Ke7) 53. b3 Nc5 54. Qd1 Nxe4 55. Qd5+ ({Resist} 55. fxe4 $6 Ke7 $14) 55... Kf6 (55... Kg7 $16 56. Qxe4 Qd6) 56. Qxe4 $18 {[%mdl 4096] Endgame KQ-KQ} Qc5+ 57. Kh2 g5 58. Qh7 (58. a4 $142) 58... h4 $2 (58... Qf2 $16 {was worth a try.}) 59. Qh6+ Ke7 60. Kh3 $2 ({White should try} 60. Qg7+ $18 Kd6 61. Qf8+ Kc6 62. Qxc5+ Kxc5 63. Kh3) 60... Qf5+ $2 {[%mdl 8192]} (60... Qc8+ $11 {and Black stays safe.} 61. Kh2 Qc5) 61. Kh2 Qc5 $1 {Black is on the road to losing.} 62. Qg7+ Ke6 {If Black can now play ...Kf5 this consolidates a bit.} 63. Qg8+ Kf6 64. Qd8+ Kg6 65. Qd5 {Qxc5 is the strong threat.} Qf2 66. Qe6+ Kg7 67. a4 Qc5 $2 (67... Qg3+ {is a better chance.} 68. Kh1 h3 69. Qd7+ (69. Qxh3 Qe1+ 70. Kh2 Kg6 $18) 69... Kf6 70. Qxh3 Qe1+ 71. Kh2 Kg6) 68. Qd5 {Threatens to win with Qxc5.} Qe7 69. Qd4+ Kf7 70. Qxb6 h3 71. Qf2 hxg2 72. Kxg2 Qb4 73. Qc2 Kf6 74. Kf1 Qb7 75. Ke2 g4 76. Qe4 Qxe4+ $2 (76... gxf3+ $18 77. Qxf3 Qe7+ 78. Kd3 Kg5) 77. fxe4 {KP-KP} Ke5 78. a5 {[%cal Ba4a5,Ba5a6,Ba6a7][%mdl 32]} Kxe4 79. a6 f3+ 80. Kf2 $2 (80. Kf1 {mates} g3 81. a7 g2+ 82. Kf2 Kd4 83. a8=Q Ke5 84. Qd5+ Kf4 85. c5) 80... Kf4 $2 (80... g3+ $18 81. Kxg3 Ke3) 81. a7 {White mates.} g3+ 82. Kf1 g2+ 83. Kf2 {Weighted Error Value: White=0.22/Black=0.26} 1-0

[Event "Mitropa Online Cup Women 2021"]
[Site "Hybrid"]
[Date "2021.05.04"]
[Round "2.5"]
[White "Terbe, Julianna"]
[Black "Guichard, Pauline"]
[Result "1/2-1/2"]
[WhiteElo "2267"]
[BlackElo "2415"]
[Annotator "TA"]
[PlyCount "211"]
[EventDate "2021.05.04"]
[EventType "team-tourn"]
[EventCountry "NET"]
[SourceTitle "playchess.com"]
[Source "ChessBase"]
[SourceQuality "1"]
[WhiteTeam "Hungary"]
[BlackTeam "France"]
[WhiteTeamCountry "HUN"]
[BlackTeamCountry "FRA"]

{[%evp 10,211,7,12,15,16,13,8,0,2,2,2,4,-1,-5,-4,0,0,0,-2,0,6,0,0,0,0,6,6,7,0,0,-6,0,0,17,0,1,-9,-4,-12,0,-5,0,0,0,0,7,0,20,0,0,0,10,10,10,10,10,0,43,21,20,11,11,0,11,0,11,0,11,0,11,10,25,23,22,17,17,17,17,17,18,17,24,24,25,13,28,7,7,7,7,7,7,7,10,6,21,24,24,0,15,17,19,18,18,28,16,0,0,0,0,0,0,0,0,0,8,0,0,0,0,0,0,0,0,0,0,0,0,0,0,0,0,0,0,0,0,0,0,0,0,0,0,0,0,0,0,0,0,0,0,0,0,0,0,0,0,0,8,8,8,0,0,0,0,0,0,0,0,0,0,0,0,0,0,0,0,0,0,0,0,0,0,0,0,0,0,0,0,0,0,0,0,0,0,0,0,0,0,0,0,0,8,8]} 1. d4 Nf6 2. Nf3 d5 3. Bf4 e6 4. e3 Bd6 5. Nbd2 Bxf4 6. exf4 Qd6 {D02: 1 d4 d5 2 Nf3 sidelines, including 2...Nf6 3 g3 and 2...Nf6 3 Bf4.} 7. g3 $1 b6 8. c3 O-O 9. Bd3 Ba6 10. Bxa6 Nxa6 11. Qe2 Nb8 12. Ne5 c5 13. Ndf3 Nc6 14. O-O cxd4 15. Nxc6 Qxc6 16. Nxd4 Qc7 17. Rfe1 Rfe8 18. Rad1 a6 {[#]} 19. Qc2 $146 ({Predecessor:} 19. Rd3 Qc4 20. a3 Ne4 21. f3 Nd6 22. Re3 Qxe2 23. R3xe2 g6 24. g4 {1-0 (54) Grachev,B (2619)-Matlakov,M (2688) Tornelo INT 2021}) 19... Qc4 20. a4 g6 21. Nf3 Rec8 22. Ne5 Qc5 23. Qb3 b5 24. Rd4 Rab8 25. Nd3 Qd6 26. axb5 axb5 27. Ne5 Rb7 28. Ra1 Ne4 29. Qa3 (29. Qd1 {keeps more tension.} Qb6 30. Qe2 h5 31. Kg2 Nc5 32. Rad1) 29... Qxa3 30. Rxa3 Rcc7 31. Rb4 Nd6 32. Ra6 Nc4 33. Nf3 Rc5 34. Kf1 Kf8 35. Nd4 Ke7 36. Nb3 Rc8 37. Nd4 Rc5 38. Nb3 Rc8 39. Nd4 Nd6 40. Nc6+ Kf6 41. Ke2 Nf5 42. Kd3 h5 43. h3 Rbc7 44. Ne5 Rb7 45. g4 hxg4 46. hxg4 Ne7 47. Kd4 Kg7 {White should prevent ...f6.} 48. g5 Nf5+ 49. Kd3 Rd8 50. Nf3 Nd6 51. Nd4 Ne4 {Threatens to win with ...Nc5+.} 52. Ke3 {next Rxe6! is good for White.} Rdb8 53. Nc6 Rh8 54. Ra7 Rh3+ 55. f3 Rxa7 56. Nxa7 $11 {[%mdl 4096] Endgame KRN-KRN} Nd6 57. Nxb5 Nc4+ {[#]} 58. Rxc4 $1 {The position is equal.} dxc4 {KR-KN} 59. Nd6 f6 60. Nxc4 Rh5 61. gxf6+ Kxf6 62. b4 Rh1 63. Nd6 Ke7 64. Ne4 Rd1 65. c4 Kd7 66. Nc3 Re1+ 67. Kd4 Rf1 68. Ke4 Rc1 69. Kd4 Rf1 70. Ke4 Kc6 71. Ne2 Re1 72. Kd3 Kd6 73. Nc3 Rf1 74. Ke4 Kc6 75. Ne2 Rb1 76. Nd4+ {[%mdl 64] [#] Double Attack} Kd7 77. Ke5 Rxb4 78. Nxe6 Ke7 79. c5 Rc4 80. Kd5 Rc1 81. Nd4 Kd7 82. c6+ Kc7 83. Ne6+ Kb6 84. c7 Kb7 85. Kd6 Rd1+ 86. Ke5 Kc8 87. Nf8 Rf1 88. Nxg6 Rxf3 89. Kd6 {Ne7+ would kill now.} (89. Kf6 {is interesting.} Kxc7 90. f5 Kd8 91. Ke6 Rf1 92. Ne5) 89... Rd3+ 90. Ke7 Kxc7 91. Nf8 Rd5 92. Ne6+ Kc8 93. Kf6 Kd7 94. f5 Kd6 95. Ng7 Ra5 96. Ne8+ Kd7 97. Ng7 Kd6 98. Ne8+ Kd5 99. Kf7 Ke5 100. f6 Ra7+ 101. Kg6 Ra6 102. Kg7 Ra7+ 103. f7 Ke6 104. Nd6 Rd7 (104... Kxd6 $5 105. Kg8 $8 Ra8+ 106. f8=Q+ Rxf8+ 107. Kxf8 $11) 105. Kg8 Rxf7 106. Nxf7 {An uneventful encounter.  Weighted Error Value: White=0.05/Black=0.04} 1/2-1/2

[Event "Mitropa Online Cup Women 2021"]
[Site "Hybrid"]
[Date "2021.05.04"]
[Round "2.6"]
[White "Navrotescu, Andreea-Cristiana"]
[Black "Juhasz, Barbara"]
[Result "1-0"]
[WhiteElo "2247"]
[BlackElo "2211"]
[Annotator "NA"]
[PlyCount "67"]
[EventDate "2021.05.04"]
[EventType "team-tourn"]
[EventCountry "NET"]
[SourceTitle "playchess.com"]
[Source "ChessBase"]
[SourceQuality "1"]
[WhiteTeam "France"]
[BlackTeam "Hungary"]
[WhiteTeamCountry "FRA"]
[BlackTeamCountry "HUN"]
[TimeControl "40/5400+30:1800+30"]

1. d4 {[%emt 0:00:00]} Nf6 {[%emt 0:00:09]} 2. c4 {[%emt 0:00:07]} g6 {[%emt 0:00:05]} 3. Nc3 {[%emt 0:00:17]} Bg7 {[%emt 0:00:08]} 4. g3 {[%emt 0:01:19]} O-O {[%emt 0:00:07]} 5. Bg2 {[%emt 0:00:11]} d6 {[%emt 0:00:06]} 6. Nf3 {[%emt 0:00:14]} Nbd7 {[%emt 0:00:09]} 7. O-O {[%emt 0:00:14]} e5 {[%emt 0:00:23]} 8. e4 {[%emt 0:00:11]} exd4 {[%emt 0:00:09]} 9. Nxd4 {[%emt 0:00:07]} Re8 {[%emt 0:00:07]} 10. h3 {[%emt 0:01:05]} Rb8 {[%emt 0:00:34]} 11. Be3 {[%emt 0:01:33]} a6 {[%emt 0:00:13]} 12. a4 {[%emt 0:00:41]} Ne5 {[%emt 0:00:28]} 13. b3 {[%emt 0:00:48]} Nc6 {[%emt 0:00:14]} 14. Ra2 {[%emt 0:04:05]} Nd7 {[%emt 0:15:18]} 15. f4 {[%emt 0:03:55]} Nb4 {[%emt 0:07:56]} 16. Rd2 {[%emt 0:06:39]} Qe7 {[%emt 0:15:09]} 17. Bf2 {[%emt 0:14:05]} Nc5 {[%emt 0:00:47]} 18. Re1 {[%emt 0:03:50]} Bd7 {[%emt 0:04:55]} 19. Nd5 {[%emt 0:17:48]} Nxd5 {[%emt 0:00:13]} 20. cxd5 {[%emt 0:02:39]} c6 {[%emt 0:13:51]} 21. b4 {[%emt 0:10:17]} Nxa4 {[%emt 0:00:34]} 22. dxc6 {[%emt 0:07:00]} Bxd4 {[%emt 0:08:03]} 23. Bxd4 {[%emt 0:05:21]} Bxc6 {[%emt 0:05:57]} 24. Qa1 {[%emt 0:01:40]} d5 {[%emt 0:04:21]} 25. Be5 {[%emt 0:10:31]} Rbc8 {[%emt 0:02:49]} 26. exd5 {[%emt 0:01:11]} Bb5 {[%emt 0:06:20]} 27. d6 {[%emt 0:02:24]} Qd7 {[%emt 0:00:06]} 28. Rc1 {[%emt 0:02:41]} Nb6 {[%emt 0:01:08]} 29. Rxc8 {[%emt 0:00:47]} Rxc8 {[%emt 0:01:20]} 30. Qd4 {[%emt 0:02:05]} Rc1+ {[%emt 0:04:22]} 31. Kh2 {[%emt 0:00:05]} Nc4 {[%emt 0:00:53]} 32. Bh8 {[%emt 0:00:28]} f6 {[%emt 0:01:42]} 33. Bd5+ {[%emt 0:00:27]} Kxh8 {[%emt 0:01:14]} 34. Qxf6+ {[%emt 0:00:05]} 1-0

[Event "Mitropa Online Cup Women 2021"]
[Site "Hybrid"]
[Date "2021.05.04"]
[Round "2.7"]
[White "Gaal, Zsoka"]
[Black "Monpeurt, Cyrielle"]
[Result "1-0"]
[WhiteElo "2169"]
[BlackElo "2166"]
[Annotator "NA"]
[PlyCount "61"]
[EventDate "2021.05.04"]
[EventType "team-tourn"]
[EventCountry "NET"]
[SourceTitle "playchess.com"]
[Source "ChessBase"]
[SourceQuality "1"]
[WhiteTeam "Hungary"]
[BlackTeam "France"]
[WhiteTeamCountry "HUN"]
[BlackTeamCountry "FRA"]
[TimeControl "40/5400+30:1800+30"]

1. Nf3 {[%emt 0:00:00]} d5 {[%emt 0:00:19]} 2. g3 {[%emt 0:00:05]} Nf6 {[%emt 0:00:24]} 3. Bg2 {[%emt 0:00:17]} c6 {[%emt 0:00:14]} 4. c4 {[%emt 0:00:08]} Bg4 {[%emt 0:00:11]} 5. Ne5 {[%emt 0:00:08]} Be6 {[%emt 0:00:10]} 6. cxd5 {[%emt 0:00:05]} Bxd5 {[%emt 0:00:14]} 7. Nf3 {[%emt 0:00:06]} c5 {[%emt 0:00:13]} 8. Nc3 {[%emt 0:00:13]} Bc6 {[%emt 0:00:09]} 9. O-O {[%emt 0:00:05]} e6 {[%emt 0:00:34]} 10. Qc2 {[%emt 0:00:17]} Be7 {[%emt 0:03:01]} 11. e4 {[%emt 0:00:13]} O-O {[%emt 0:01:47]} 12. Rd1 {[%emt 0:01:20]} b5 {[%emt 0:08:06]} 13. d3 {[%emt 0:08:47]} Nbd7 {[%emt 0:04:41]} 14. Bf4 {[%emt 0:13:27]} Qb6 {[%emt 0:06:06]} 15. a4 {[%emt 0:11:06]} a6 {[%emt 0:05:33]} 16. d4 {[%emt 0:12:13]} b4 {[%emt 0:07:53]} 17. a5 {[%emt 0:00:18]} Qb7 {[%emt 0:01:17]} 18. d5 {[%emt 0:00:31]} bxc3 {[%emt 0:06:39]} 19. dxc6 {[%emt 0:00:11]} Qxc6 {[%emt 0:00:11]} 20. bxc3 {[%emt 0:01:39]} Nh5 {[%emt 0:10:34]} 21. Be3 {[%emt 0:04:55]} e5 {[%emt 0:07:34]} 22. Bh3 {[%emt 0:13:54]} Nhf6 {[%emt 0:05:07]} 23. Rd2 {[%emt 0:02:27]} Rfd8 {[%emt 0:02:38]} 24. Rad1 {[%emt 0:00:39]} Qc7 {[%emt 0:01:49]} 25. Qa4 {[%emt 0:07:41]} Nf8 {[%emt 0:01:54]} 26. Qc4 {[%emt 0:01:50]} h6 {[%emt 0:01:57]} 27. Bf5 {[%emt 0:06:29]} N8h7 {[%emt 0:07:54]} 28. Nxe5 {[%emt 0:02:22]} Qxe5 {[%emt 0:08:28]} 29. Bf4 {[%emt 0:00:19]} Rxd2 {[%emt 0:00:15]} 30. Rxd2 {[%emt 0:00:12]} Nxe4 {[%emt 0:00:09]} 31. Bxe4 {[%emt 0:01:22]} 1-0

[Event "Mitropa Online Cup Women 2021"]
[Site "Hybrid"]
[Date "2021.05.04"]
[Round "2.8"]
[White "Thomas, Anysia"]
[Black "Juhasz, Judit"]
[Result "0-1"]
[WhiteElo "2164"]
[BlackElo "2153"]
[Annotator "NA"]
[PlyCount "76"]
[EventDate "2021.05.04"]
[EventType "team-tourn"]
[EventCountry "NET"]
[SourceTitle "playchess.com"]
[Source "ChessBase"]
[SourceQuality "1"]
[WhiteTeam "France"]
[BlackTeam "Hungary"]
[WhiteTeamCountry "FRA"]
[BlackTeamCountry "HUN"]
[TimeControl "40/5400+30:1800+30"]

1. d4 {[%emt 0:00:00]} Nf6 {[%emt 0:00:07]} 2. c4 {[%emt 0:00:13]} g6 {[%emt 0:00:09]} 3. Nc3 {[%emt 0:00:16]} Bg7 {[%emt 0:00:10]} 4. e4 {[%emt 0:00:29]} d6 {[%emt 0:00:08]} 5. Nf3 {[%emt 0:00:34]} O-O {[%emt 0:00:34]} 6. h3 {[%emt 0:00:55]} e5 {[%emt 0:00:24]} 7. d5 {[%emt 0:00:11]} a5 {[%emt 0:00:32]} 8. Be3 {[%emt 0:01:08]} Na6 {[%emt 0:00:20]} 9. g4 {[%emt 0:00:13]} Nd7 {[%emt 0:00:25]} 10. Nd2 {[%emt 0:00:52]} f5 {[%emt 0:01:09]} 11. gxf5 {[%emt 0:21:37]} gxf5 {[%emt 0:00:12]} 12. exf5 {[%emt 0:24:33]} Ndc5 {[%emt 0:01:36]} 13. Nde4 {[%emt 0:06:01]} Bxf5 {[%emt 0:02:43]} 14. Nxc5 {[%emt 0:04:08]} Nxc5 {[%emt 0:01:28]} 15. Rg1 {[%emt 0:00:45]} Bg6 {[%emt 0:08:42]} 16. Qg4 {[%emt 0:05:32]} Qe7 {[%emt 0:05:12]} 17. h4 {[%emt 0:10:14]} Kh8 {[%emt 0:11:15]} 18. h5 {[%emt 0:08:02]} Bc2 {[%emt 0:07:39]} 19. Kd2 {[%emt 0:07:45]} Bf5 {[%emt 0:04:02]} 20. Qg5 {[%emt 0:00:25]} Qd7 {[%emt 0:02:32]} 21. Be2 {[%emt 0:00:25]} Bf6 {[%emt 0:04:05]} 22. Qg3 {[%emt 0:02:03]} Rg8 {[%emt 0:07:20]} 23. Qh2 {[%emt 0:00:26]} Na4 {[%emt 0:03:42]} 24. Rxg8+ {[%emt 0:00:40]} Rxg8 {[%emt 0:00:08]} 25. Rg1 {[%emt 0:01:14]} Nxc3 {[%emt 0:06:33]} 26. Rxg8+ {[%emt 0:00:23]} Kxg8 {[%emt 0:00:07]} 27. Qg3+ {[%emt 0:00:26]} Kf7 {[%emt 0:00:38]} 28. Kxc3 {[%emt 0:01:04]} Qa4 {[%emt 0:00:53]} 29. Kd2 {[%emt 0:02:03]} Qb4+ {[%emt 0:02:41]} 30. Kd1 {[%emt 0:01:02]} Qxb2 {[%emt 0:00:20]} 31. Ke1 {[%emt 0:00:25]} Qa1+ {[%emt 0:02:49]} 32. Bd1 {[%emt 0:00:19]} Qc3+ {[%emt 0:02:37]} 33. Kf1 {[%emt 0:01:08]} Qxc4+ {[%emt 0:01:42]} 34. Kg1 {[%emt 0:00:15]} Qxa2 {[%emt 0:01:34]} 35. Bf3 {[%emt 0:01:01]} e4 {[%emt 0:01:35]} 36. Bg2 {[%emt 0:00:21]} Qxd5 {[%emt 0:01:03]} 37. Bf1 {[%emt 0:00:25]} Qd1 {[%emt 0:00:32]} 38. Qf4 {[%emt 0:00:53]} Bh3 {[%emt 0:01:38]} 0-1